000 00460nam a2200169Ia 4500
005 20250425160637.0
008 250425s9999 xx 000 0 und d
041 _aspa
082 _a620
245 0 _aFERTILIZANTES: CLORURO DE POTASIO REQUISITOS
250 _a1A ED.
260 _aEcuador
_bINEN
_c1977
260 _aS.L.
500 _aD-14560 S/ 100 INEN BIBL. 28.06.94 NORMA INEN 214: 1977-01 general impreso DONACION
942 _c01
010 _a1058
999 _c193237
_d193237